[Event "ARG-ch 89th"]
[Site "Saenz Pena"]
[Date "2014.07.11"]
[Round "3"]
[White "Felgaer, Ruben Alejandro"]
[Black "Mareco, Sandro"]
[Result "1/2-1/2"]
[WhiteElo "2549"]
[BlackElo "2592"]
[Annotator "CB"]
[PlyCount "80"]
[EventDate "2014.07.09"]
[EventType "tourn"]
[EventRounds "13"]
[EventCountry "ARG"]
[EventCategory "9"]
[SourceTitle "CBM 161 Extra"]
[Source "ChessBase"]
[SourceDate "2014.08.29"]
[SourceVersion "1"]
[SourceVersionDate "2014.08.29"]
[SourceQuality "1"]

{La partida más esperada del campeonato. Los 2 Elos superiores del certamen
frente a frente.} 1. e4 c5 2. Nf3 d6 3. d4 cxd4 4. Nxd4 Nf6 5. Nc3 a6 6. Bg5
Nbd7 {Mareco se desvía de la principal 6...e6} 7. Qd2 {Lo más jugado es 7.f4}
e6 8. Bc4 Nc5 9. Bxf6 Qxf6 10. a3 b5 11. Ba2 Bb7 12. O-O-O Be7 ({Tomar el peón
daría un fortísimo ataque a las blancas} 12... Nxe4 $6 13. Nxe4 Bxe4 14. Rhe1)
13. Rhe1 g5 14. Kb1 O-O-O 15. f3 h5 16. Qf2 Qe5 17. b4 h4 18. g3 (18. bxc5 $6
dxc5 19. Nde2 c4 {Parece muy promisorio para las negras}) 18... hxg3 19. hxg3
Nd7 20. Rd3 Rh3 21. Nd5 exd5 22. exd5 Qf6 23. Rc3+ Nc5 24. bxc5 $6 {Era mejor
24.De3} dxc5 25. Rxe7 {Ahora Felgaer debe sacrificar calidad para activar sus
piezas, no se podía 25.Ce2 c4 con ventaja abrumadora.} Qxe7 26. Nf5 Qe5 27.
Qxc5+ Kb8 28. Ne7 Qd6 29. Nc6+ Bxc6 30. dxc6 Qxc5 31. Rxc5 Rc8 32. Rxg5 Rxc6 $6
{Había que mantener el peón con 32...f6 para mantener la pequeña ventaja} 33.
Bxf7 {El final ahora está igualado} Rc3 34. Bd5 Rxa3 35. Bb3 Rh1+ 36. Kb2 Raa1
37. Kc3 Rhf1 38. Rf5 Kc7 39. Kb4 Rae1 40. Rf7+ Kd6 1/2-1/2

[Event "Interzonal-15"]
[Site "Manila"]
[Date "1990.??.??"]
[Round "6"]
[White "Ivanovic, Bozidar"]
[Black "Ftacnik, Lubomir"]
[Result "1/2-1/2"]
[WhiteElo "2520"]
[BlackElo "2550"]
[Annotator "Ftacnik,L"]
[PlyCount "85"]
[EventDate "1990.06.29"]
[EventType "swiss"]
[EventRounds "13"]
[EventCountry "PHI"]
[SourceTitle "CBM 019"]
[Source "ChessBase"]
[SourceDate "1990.12.01"]
[SourceVersion "1"]
[SourceVersionDate "1990.12.01"]
[SourceQuality "1"]

1. e4 c5 2. Nf3 d6 3. d4 cxd4 4. Nxd4 Nf6 5. Nc3 a6 6. Bg5 e6 7. Qf3 Be7 8.
O-O-O Nbd7 (8... Qa5) (8... h6 $5) 9. Kb1 $5 {N} (9. Rg1) 9... h6 10. Bc1 (10.
Qh3 Qc7 11. f4 Nb6 12. f5 e5 13. Nb3 Bd7 $10) 10... Qc7 (10... Ne5 11. Qg3 g5
12. h4 Nh5 13. Qh3 gxh4 14. g4 $40) 11. Qg3 Rg8 $5 (11... g5 12. h4 Rg8 13.
hxg5 hxg5 14. Bxg5 Nd5 15. exd5 Rxg5 16. Qh2 $40) 12. f4 (12. h4 Nc5 13. Bd3
Bd7 14. f4 e5 $5) 12... g5 (12... Nc5 13. Bd3 (13. e5 dxe5 14. fxe5 Nfe4 15.
Nxe4 Nxe4 16. Qf4 f5) 13... g5 $1) 13. f5 (13. fxg5 hxg5 14. Be2 Nc5) (13. Qh3
gxf4 14. Qxh6 Ng4 15. Qxf4 e5 16. Nd5 Qd8 $19) 13... e5 (13... Nc5 14. fxe6
fxe6 15. e5 $40) 14. Nb3 b5 (14... Nb6 15. h4 Bd7 16. hxg5 hxg5 17. Bxg5 Na4
18. Bxf6 $1 Rxg3 19. Rh8+ Bf8 20. Nd5 $40) 15. h4 Bb7 (15... b4 16. Nd5 Nxd5
17. exd5 $40) 16. hxg5 hxg5 (16... Nxe4 17. Nxe4 Bxe4 18. Bd3 Bxd3 19. cxd3 $5
hxg5 20. Be3 {/\ Rc1->}) 17. Qe1 (17. Bd3 b4 18. Nd5 Nxd5 19. exd5 Bxd5 $17)
17... b4 (17... Rc8 18. Bd3 (18. a3 Nb6 19. Bd3 $15) 18... b4 19. Nd5 Nxd5 20.
exd5 Bxd5 (20... a5 $5 {/\ Nf6, xd5}) 21. Bxa6 (21. Qxb4 Bxg2 22. Rh2 Bb7 {
/\ d5-/+}) 21... Qxc2+ 22. Ka1 Be4 $1 (22... Bxb3 23. Bxc8 (23. Rd2 Qc6 24.
Bxc8 Qa4 25. a3 Nc5 $40) 23... Qxd1 24. Qxd1 Bxd1 25. Rxd1 $132) 23. Bd2 Ra8
24. Rc1 Qxb3 $1 $19) (17... Nb6 18. Na5 (18. a3) 18... b4 $1 19. Nd5 Nbxd5 20.
Nxb7 Nc3+ 21. bxc3 Qxb7) 18. Nd5 Nxd5 19. exd5 Rc8 20. Na1 $5 (20. Bd3 Bxd5) (
20. Qf2 Nf6 {x d5}) 20... a5 $6 (20... Nf6 21. Qxb4 Nxd5 22. Qa4+ Kf8 23. Rh3
$15) 21. Bb5 Kf8 (21... Qc5 22. Qe2 Bxd5 23. Nb3 Bxb3 24. axb3 $146) (21... Kd8
22. Rh7 $40) 22. Qg3 Nb6 (22... Bf6 23. Rh6 Ke7 24. Rdh1 Bxd5 25. Bxd7 Qxd7 26.
Rxf6 $1 Kxf6 27. Bxg5+ Rxg5 28. Rh6+ Kxf5 29. Qf2+ Ke4 30. Rh4+ Rg4 31. Qf3+
$40) (22... Nf6 23. Bxg5 Ng4 $1 $8) 23. Rh6 (23. f6 $5 Bxf6 24. Rh6 $40) 23...
Qc5 $1 (23... Nxd5 24. Rxd5 Bxd5 25. f6 Be4 (25... Bd8 26. Qxg5 $1 Be4 27. Qg7+
$3 Rxg7 28. Rh8+ Rg8 29. Bh6#) 26. Ba4 Bd8 27. Qxg5 $18) 24. f6 (24. Bc6 Bxc6
25. dxc6 Nd5 (25... f6 26. Qh3 Qxc6 27. Rh7 $1 (27. Rh8 Qc4 28. Qh6+ Ke8) 27...
Ke8 (27... Qc4 28. b3 Qc3 29. Qh5 $18) 28. Qh5+ Kd7 29. Qf7 Rge8 30. Qe6+ Kd8
31. Rxe7 Rxe7 32. Rxd6+ $18) 26. Qh3 (26. Rxd5 Qxd5 27. f6 Bd8 28. Qh3 Qxc6 29.
Bxg5 Ke8) (26. f6 Nxf6 27. Bxg5 Qxc6 28. Qh4 Rxg5 $1 29. Qxg5 Ng8 30. Qd2 Nxh6
31. Qxh6+ Ke8) 26... Nf6 27. Rh8 Rxh8 28. Qxh8+ Ng8 $13) 24... Qxb5 (24... Bxf6
$5 25. Rxf6 Qxb5 26. Qf2 (26. Rxd6 Nxd5 $13) 26... Rg7 $13) 25. fxe7+ Kxe7 26.
Qf2 $2 (26. Qg4 Qd7 $1 27. Bxg5+ Ke8 28. Qh4 Qf5 $132) (26. Bxg5+ Kd7 27. Qh3+
Kc7 28. Be7 Bxd5 (28... Nc4 29. Qf3 f5 30. Qxf5 Bxd5) 29. Bxd6+ Kb7 30. Bxe5
Nc4 $1 $132) 26... Nxd5 27. Qf5 (27. Bxg5+ Rxg5 28. Rxd5 Qxd5 29. Qf6+ Kd7 30.
Qxg5 Qd1+ $19) (27. Rh7 Rcf8 28. Rf1 Ke8 29. Rxf7 Nf4 (29... Qxf1 30. Qxf1 Rxf7
31. Qb5+ Kf8 32. Nb3 $132) 30. Rxf8+ Rxf8 $17) 27... Qd7 28. Qf2 (28. Bxg5+ Ke8
29. Qxd7+ Kxd7 $19) 28... a4 29. g3 Rcf8 $138 (29... Ke8 30. Rh7 Qe6 $17) 30.
a3 $2 (30. Rf1) 30... f6 $2 (30... bxa3 $1 31. Rf1 (31. c4 Nb4 32. bxa3 (32.
Bxg5+ Rxg5 33. Qf6+ Ke8 34. Qxg5 Be4+ 35. Kc1 Na2+ 36. Kd2 axb2 37. Nc2 Qc7 $19
) 32... Be4+ 33. Kb2 Nd3+ $19) 31... Qb5 $19) 31. axb4 Nxb4 32. Bd2 Nc6 (32...
Na6 $1 33. Rf1 Ke8 34. Rxf6 Rxf6 35. Qxf6 Nc5 $17) 33. Rf1 (33. Be3 Qe6 34. Bc5
$6 dxc5 35. Qxc5+ Ke8 $17) 33... Kd8 (33... Qe6 34. Qb6) 34. Rxf6 Rxf6 35.
Qxf6+ Qe7 36. Qf2 Kc7 37. b3 $1 axb3 (37... Ba6 38. Ba5+ $5 Kc8 39. Qb6 Bxf1
40. Qxc6+ Kb8 41. Bb4 $132) 38. Nxb3 Rb8 $1 39. Qf5 (39. Kc1 Ba6 $17) 39... Nd4
$2 (39... Bc8 40. Qxg5 Qxg5 41. Bxg5 Nd4 $1 (41... Be6 42. Rf3 Nd4 43. Rc3+ Kd7
44. Kb2) 42. Rf7+ Kc6 {/\ Be6-/+}) 40. Ba5+ $1 (40. Qxg5 Qxg5 41. Rf7+ $1 Kb6
$1 42. Bxg5 Nxb3 43. cxb3 Bd5 $17) 40... Kc6 41. Nxd4+ exd4 42. Qf3+ Kd7 43.
Qg4+ {Ftacnik,L} 1/2-1/2

[Event "Budapest FS06 GM"]
[Site "Budapest"]
[Date "1995.??.??"]
[Round "6"]
[White "Metz, Hartmut"]
[Black "Dao, Thien Hai"]
[Result "0-1"]
[WhiteElo "2315"]
[BlackElo "2480"]
[Annotator "Giese"]
[PlyCount "70"]
[EventDate "1995.06.??"]
[EventType "tourn"]
[EventRounds "11"]
[EventCountry "HUN"]
[EventCategory "9"]
[SourceTitle "CBM 049"]
[Source "ChessBase"]
[SourceDate "1995.12.01"]
[SourceVersion "1"]
[SourceVersionDate "1995.12.01"]
[SourceQuality "1"]

1. e4 c5 2. Nf3 d6 3. d4 cxd4 4. Nxd4 Nf6 5. Nc3 a6 6. Bg5 e6 7. Qd2 Be7 8.
O-O-O b5 9. f3 Bb7 10. h4 O-O 11. g4 Nbd7 12. Bxf6 Nxf6 13. g5 Nd7 14. Bd3 Rc8
15. Kb1 Ne5 16. f4 Nc4 17. Qh2 d5 18. e5 Nxb2 $3 {[%csl Rc3][%cal Gc8c3,Ge7a3]}
19. Kxb2 Rxc3 $1 20. Bxh7+ {[%csl Gd3]} (20. Kxc3 Qa5+ 21. Kb2 Ba3+ 22. Kb1 Qc3
$19) 20... Kxh7 21. Kxc3 Qa5+ 22. Kd3 Rc8 23. h5 Rc4 $40 24. Ke3 Rxd4 $1 $19
25. Kxd4 (25. Rxd4 Qc3+ 26. Rd3 d4+ $19) 25... Qb4+ 26. Ke3 Qc3+ 27. Ke2 d4 28.
g6+ Kh6 29. Rhg1 Qf3+ 30. Ke1 Bb4+ 31. Rd2 Qe3+ 32. Kd1 Bf3+ 33. Kc1 Qa3+ 34.
Kb1 Bc3 35. Qg3 Qb2# 0-1

[Event "Bundesliga 0506"]
[Site "Germany"]
[Date "2005.12.11"]
[Round "6.4"]
[White "Carmeille, Ludovic"]
[Black "Babula, Vlastimil"]
[Result "0-1"]
[WhiteElo "2329"]
[BlackElo "2593"]
[Annotator "Gofshtein,L"]
[PlyCount "58"]
[EventDate "2005.10.21"]
[EventType "team-tourn"]
[EventRounds "15"]
[EventCountry "GER"]
[SourceTitle "CBM 111"]
[Source "ChessBase"]
[SourceDate "2006.04.04"]
[SourceVersion "1"]
[SourceVersionDate "2006.04.04"]
[SourceQuality "1"]
[WhiteTeam "Zehlendorf"]
[BlackTeam "Werder Bremen"]
[WhiteTeamCountry "GER"]
[BlackTeamCountry "GER"]

1. e4 c5 2. Nf3 d6 3. d4 cxd4 4. Nxd4 Nf6 5. Nc3 e6 6. Bg5 {A rare move, the
main moves are 6.g4, 6. Be2, 6.Bc4 or 6.f4.} Be7 7. Qd2 (7. Ndb5 {is not
dangerous for black, he can simply castle and get plenty of compensation for
the pawn.} O-O $1 8. Bxf6 Bxf6 9. Qxd6 a6 10. Qxd8 Rxd8 11. Na3 b5 {it is
clear now, that White can't be happy with the opening results, his knights are
badly placed and the black bishops are very strong.} 12. Nd1 Bb7 13. f3 Nd7 14.
c3 Nc5 {and Black has a strong initiative, 0-1 Murey,J-Adorjan,A/New York 1987/
CBM 002 (40)}) 7... a6 {Now the game transposes to the Naidorf system, with
the white queen on d2, instead of its usual place on f3. Black can also manage
without a7-a6, as Ndb5 is not dangerous} (7... h6 8. Bxf6 Bxf6 9. Ndb5 d5 $1 {
a strong reply, Black has the bishop's pair and shouldn't fear opening the
position.} 10. exd5 a6 11. Nd4 O-O 12. O-O-O exd5 {and the black dark squared
bishop becomes very strong.}) 8. f4 b5 {Again, a rare move, which was hardly
played previously. Usually Black prefers 8...h6, forcing white to exchange on
f6 or 8...Qc7 in order to stop e4-e5.} (8... h6 9. Bxf6 (9. Bh4 Nxe4 10. Bxe7
Nxd2 11. Bxd8 Nxf1 12. Bc7 Ne3 13. Kf2 Ng4+ 14. Kf3 e5 {and Black can be happy
with the outcome of the opening.}) 9... Bxf6 10. Nf3 Qc7 11. Bd3 Nc6 12. O-O
O-O 13. Kh1 b5 14. Rae1 Bb7 {with a good position for Black 0-1 Belov,
V-Sadvakasov,D/playchess.com 2004/EXT 2005 (62)}) (8... Qc7 $5 {also quite
possible}) 9. e5 {White tries to open the position and to get some attack, a
calmer approach wouldn't create any problems for Black, for example:} (9. a3
Bb7 10. Bd3 Nbd7 11. Nf3 Nc5 {and Black has nothing to complain about.}) 9...
dxe5 10. fxe5 Nfd7 11. Bf4 $6 {A logical move, White tries to keep the
dark-squared bishops which would help him to attack the black king, but
actually Black's attack is faster so it was wiser for White to exchange
bishops.} (11. Bxe7 Qxe7 12. Nf3 Bb7 13. Qf4 (13. Qe3 {Here Black can force an
exchange of queens and get a good endgame.} Qc5 $1 14. Qxc5 Nxc5 $11) 13... Nc6
14. O-O-O O-O 15. Bd3 Nc5 {with mutual chances}) 11... Bb7 {suddenly Black has
a threat, a check on h4 would be highly unpleasent so white's reply is logical.
} 12. O-O-O b4 $1 13. Nb1 (13. Na4 $6 {is answered by} Qa5 {with a double
attack on the knight and the e5 pawn} 14. b3 Nxe5 {and White doesn't have
enough compensation for the pawn, as Black fully controls the centre.}) (13.
Nce2 {obviously the knight is better placed in the centre, leaving the b1
square for the king} Qa5 14. Kb1 Nxe5 15. Nb3 Qc7 16. Qe3 Nbc6 17. Ned4 {
with some compensation for the pawn}) 13... Nb6 {with the idea to come to d5,
and harass the white bishop as it can't move to g3 in view of Bg5.} (13... Qa5
$1 {was stronger, exchanging the b4 and e5 pawns is in Black's favour.} 14. a3
Nxe5 15. Nb3 Qc7 16. axb4 O-O (16... Nbc6 17. Nc5 Rd8 18. Qc3 Rxd1+ 19. Kxd1 {
is not bad for White.}) 17. Qe3 (17. Qe1 Nd3+) 17... Ng4 18. Qg3 e5 {with
advantage for Black.}) 14. c4 {White prevents Nd5.} bxc3 (14... N8d7 {[%csl
Rc4][%cal Ga8c8] also looks strong, Black has a clear plan of attack, while
white is still underdeveloped.}) 15. Nxc3 N8d7 16. Kb1 Nc5 {the black pieces
have plenty of good squares} 17. Be2 Rb8 18. Qc2 Qc7 19. Bf3 $6 {White
shouldn't have exposed the c4 square, now the black knight feels very
comfortable there, 19.Ka1 was better removing the king from the dangerous
b-file.} (19. Ka1 O-O 20. h4 Rfd8 21. h5 h6 22. Rhf1 Nd5 23. Nxd5 Bxd5 {
with advantage for Black, though White can still defend.}) 19... Nc4 20. Nb3 {
White has to play this move, to defend the pawn on b2.} O-O ({taking the pawn} 
20... Bxf3 $6 21. gxf3 Nxb3 22. axb3 Nxe5 (22... Na5 23. Rhg1 g6 24. Ne4 {
and White gets some counterplay.}) 23. Rhe1 f6 {is not very convincing for
Black, although he keeps an advantage here as well.}) 21. Rd4 $2 (21. Bxb7 Qxb7
$1 (21... Rxb7 22. Ne4 Na4 (22... Nxe4 23. Qxe4 Rb4 24. Rd4 {and White is fine}
) 23. Rc1 $1 (23. Bc1 Rc8 {[%csl Re5] and the pawn on e5 falls}) 23... Rc8 24.
Qe2 {and White is able to complicate matters.}) 22. Rd4 Nxb3 23. Rxc4 Na5 24.
Ra4 Rfc8 {and the attack is decisive}) (21. Ne4 {this was White's last chance.}
Na4 22. Rc1 Rfc8 {and though it looks scary, Black doesn't win by force.})
21... Nxb3 22. axb3 Na5 23. Rhd1 (23. Na4 {is not better} Qxc2+ 24. Kxc2 Bxf3
25. gxf3 Nxb3 26. Rd7 Rfc8+ 27. Nc3 Kf8 {and Black stays with an extra pawn in
the endgame.}) 23... Bxf3 24. gxf3 Nxb3 {The rest is easy, Black is a pawn up
and his attack continues.} 25. Ra4 (25. Rd7 Qa5 26. Na2 Rfc8 $19) 25... Rfc8
26. Ka2 Qb7 27. Qf2 Rxc3 28. bxc3 Nc1+ 29. Rxc1 Qb3+ 0-1

[Event "Subotica TS03 GM"]
[Site "Subotica"]
[Date "2003.03.24"]
[Round "2"]
[White "Ivanovic, Bozidar"]
[Black "Colovic, Aleksandar"]
[Result "1-0"]
[WhiteElo "2501"]
[BlackElo "2385"]
[Annotator "Gofshtein,L"]
[PlyCount "51"]
[EventDate "2003.03.23"]
[EventType "tourn"]
[EventRounds "11"]
[EventCountry "YUG"]
[EventCategory "9"]
[SourceTitle "CBM 095"]
[Source "ChessBase"]
[SourceDate "2003.07.25"]
[SourceVersion "1"]
[SourceVersionDate "2003.07.25"]
[SourceQuality "1"]

1. e4 c5 2. Nf3 d6 3. d4 cxd4 4. Nxd4 Nf6 5. Nc3 a6 6. Bg5 e6 7. Qf3 {White
uses rare continuation in Najdorf Variation; This way white prevents b7-b5 of
black; This way e7-e5 on move 8 or 9 makes sense and then to prepare long
castle;} h6 {Useful move; This is always good idea to clarify the position of
the bishop; In addition, white can't play Qg3 after white draws away the
Bishop;} 8. Bh4 Nbd7 9. O-O-O Qc7 {Black intends b7-b5 by his last move;} 10.
Bd3 {Be2 was played in some games; Like in the game Tal-Platonov black got
mutual play very quickly; The advantage of 10.Bd3 move is that e4 pawn is
well-protected in that case; In addition white can get his pawn "f" to the
attack;} (10. Be2 Be7 11. Rhe1 g5 12. Bg3 Ne5 13. Qe3 b5 14. a3 Rb8 15. f3 Nfd7
16. f4 gxf4 17. Bxf4 b4 18. axb4 Rxb4 $132 {0-1 Tal,M-Platonov,I/Alma-Ata 1968/
URS-ch (57)}) 10... Ne5 $5 {Black takes control over e5 spot immediatly;
Another plan with 10...Be7 gives black a good play as it is shown in following
game:} (10... Be7 $5 11. Qe2 b5 12. f4 b4 13. Nb1 Bb7 14. Nd2 Nc5 15. Kb1 O-O
16. Bg3 a5 $132 {0-1 Kagan,S-Nunn,J/Hastings 1977/MCD (36)}) 11. Qe2 g5 {
Continuation of the same plan- black is preventing f2-f4 of white;} 12. Bg3 b5
13. h4 {White is forcing black to give up the "h" file by attacing g5 pawn; 13.
..Bg7 is impossible in view of 14.Bxb5 axb5 15.Ndxb5 etc.} Rg8 {Common 13...g4
deserves attention here trying to stop the attack of white;} (13... Bg7 14.
Bxb5+ axb5 15. Ndxb5 Qc5 16. b4 $1 Qxb4 17. Nxd6+ Kf8 18. Bxe5 Qa3+ 19. Kd2 $16
) (13... b4 14. hxg5 bxc3 15. gxf6) (13... g4 $5) 14. hxg5 hxg5 {[%cal Yh1h8]}
15. Nf3 Bb7 {Black completes the development this way; Immediate 15...b4
deserved attention which gives black an active play; Black will achieve
satisfactory play by trading Bd3 of white;} (15... b4 $5 16. Nb1 Nxd3+ 17. Qxd3
e5 $132 18. Nxe5 dxe5 19. Bxe5 Qe7 20. Bxf6 Qxf6 21. Qd5 Ra7) 16. Nxe5 dxe5 17.
Kb1 O-O-O $2 {This "logical move" almost turns to the decisive mistake! Black
hasn't considered tactical feautures of this position! While simple 17...b4
would give black good counterplay;} (17... b4 $5 18. Na4 Bc6 19. b3 Bxa4 20.
bxa4 Qa5 $132) 18. a4 $1 {Black is helpless after the last strong move of
white;} b4 19. Bxa6 $1 Bc5 {Black is just down a pawn without any compensation;
} (19... bxc3 20. Bxb7+ Kxb7 21. Qb5+ Ka7 22. Bxe5 $18) 20. Bxb7+ Kxb7 21. Nb5
$18 Qc6 22. f3 {[%csl Re5]} Rxd1+ 23. Rxd1 Nd7 24. Bf2 $1 {[%csl Rd6] White is
offering the swap of dark square bishops; In case of that swap, black is
lacking the guard of dark squares around;} Be7 25. Na7 $1 Qxa4 26. b3 1-0

[Event "IND-ch"]
[Site "Mumbai"]
[Date "2003.01.18"]
[Round "1"]
[White "Bakre, Tejas"]
[Black "Sriram, Jha"]
[Result "1-0"]
[WhiteElo "2464"]
[BlackElo "2448"]
[Annotator "Hecht,H"]
[PlyCount "113"]
[EventDate "2003.01.18"]
[EventType "tourn"]
[EventRounds "21"]
[EventCountry "IND"]
[EventCategory "8"]
[SourceTitle "CBM 094"]
[Source "ChessBase"]
[SourceDate "2003.05.26"]
[SourceVersion "1"]
[SourceVersionDate "2003.05.26"]
[SourceQuality "1"]

1. e4 c5 2. Nf3 d6 3. d4 cxd4 4. Nxd4 Nf6 5. Nc3 a6 6. Bg5 e6 7. Qe2 Be7 8. h4
h6 9. Bd2 Qb6 10. Nb3 Qc7 11. g4 Nc6 12. f4 b5 13. Bg2 b4 14. Nd1 a5 15. g5 Nd7
16. c3 Ba6 17. Qf3 hxg5 18. hxg5 Rxh1+ 19. Bxh1 Nce5 20. fxe5 Nxe5 21. Qe3 Qc4
22. Bg2 Bxg5 23. Nxa5 Bh4+ 24. Nf2 Qb5 25. Kd1 Qxa5 26. cxb4 Qd8 27. Bc3 Qf6
28. Nh3 Bf1 29. Qg1 Bxg2 30. Qxg2 Qh6 31. Qe2 Bf6 32. Ng1 Qg6 33. Kc2 d5 34.
Kb3 Qxe4 35. Qxe4 dxe4 36. Re1 Nf3 37. Nxf3 exf3 38. Bxf6 gxf6 39. Rf1 e5 40.
Rxf3 {[#] Beiderseits verbundene Freibauern. Weiß ist beim synchronen
Vormarsch um exakt ein Tempo voraus, was die etwas bessere Königsstellung
ausmacht.} Ke7 41. a4 Ke6 42. b5 e4 43. Rf1 Ke5 44. Kb4 f5 45. b6 f4 46. a5 e3
47. b7 Rb8 48. a6 e2 49. Re1 f3 50. Kc3 Kd5 51. a7 f2 52. Kd2 (52. Rxe2 f1=Q
53. Re5+ $1 $18) 52... fxe1=Q+ 53. Kxe1 Rxb7 54. a8=Q Kc6 55. Kxe2 Kc7 56. Qa5+
Kd6 57. b4 1-0

[Event "RUS-Cup10"]
[Site "Tomsk"]
[Date "1997.07.28"]
[Round "7"]
[White "Yurtaev, Leonid"]
[Black "Dvoirys, Semen I"]
[Result "1-0"]
[WhiteElo "2520"]
[BlackElo "2615"]
[Annotator "Hecht,H"]
[PlyCount "139"]
[EventDate "1997.07.21"]
[EventType "swiss"]
[EventRounds "9"]
[EventCountry "RUS"]
[SourceTitle "EXT 2000"]
[Source "ChessBase"]
[SourceDate "1999.11.16"]
[SourceVersion "1"]
[SourceVersionDate "1999.11.16"]
[SourceQuality "1"]

1. e4 c5 2. Nf3 d6 3. d4 cxd4 4. Nxd4 Nf6 5. Nc3 a6 6. Bg5 e6 7. Be2 Nbd7 (7...
h6 8. Be3 Qc7 9. a4 b6 10. O-O Bb7 11. Bh5 Nxh5 12. Qxh5 Qc5 13. Qh3 Qc4 14.
Rad1 Nd7 15. Nf3 Qc7 16. Rfe1 Be7 17. Bd4 Nf6 18. e5 dxe5 19. Bxe5 Qc8 20. Bd6
Bxd6 21. Rxd6 Qc5 22. Rexe6+ Kf8 23. Ne5 Qc7 24. Rxf6 Re8 25. Rfe6 fxe6 26. Qh5
Re7 27. Ng6+ Kg8 28. Nxe7+ Qxe7 29. Qe5 Kf7 30. Qf4+ Kg6 31. Rxb6 Rd8 32. h3 a5
33. Ne2 Rd1+ 34. Kh2 Kh7 35. Ng3 Qd7 36. Qg4 Bc8 37. Rxe6 Qxe6 38. Qxd1 Qe7 39.
Qd3+ Kh8 40. Qc3 Qd8 41. Nh5 Qd6+ 42. f4 Qf8 43. Qxa5 Bf5 44. Qc7 Bg6 45. Ng3
h5 46. f5 Bf7 47. c4 h4 48. Ne4 Bg8 49. Qe5 Bxc4 50. Ng5 Qb4 51. a5 Qxb2 {
1-0 Yurtaev,L-Ilincic,Z/Hartberg op 1991/EXT 91op}) 8. O-O Be7 9. a4 (9. f4 Qc7
10. Kh1 O-O 11. Qe1 h6 12. Bh4 Re8 13. Bf3 Rb8 14. a4 b6 15. Qg3 Bb7 16. Rae1
Qc4 17. Rd1 Nc5 18. Bxf6 Bxf6 19. e5 Be7 20. Bxb7 Rxb7 21. b3 Qb4 22. Nc6 Qa3
23. Ra1 {1-0 Sergeeva,M-Nguyen,T/WchJW U20 1997/EXP 59}) 9... Qc7 10. a5 b5 11.
axb6 Nxb6 12. Bf3 Bb7 13. Bxf6 gxf6 14. Ra3 O-O 15. Rb3 Kh8 16. Bh5 Bd8 17. Qd2
Qe7 18. Rd1 Rc8 19. Nde2 Nc4 20. Qh6 Rg8 21. Ng3 Ba8 22. Be2 a5 23. Bxc4 Rxc4
24. Rb8 Bc6 25. Qd2 Qc7 26. Qxd6 Qxd6 27. Rxd6 Bc7 28. Rxg8+ Kxg8 29. Rd3 Kf8
30. b3 Rc5 31. Nge2 Ke7 32. Kf1 Bb7 33. Ke1 f5 34. exf5 Rxf5 35. g3 Rc5 36. Kd2
Be5 37. Na4 Rc7 38. c4 Bd6 39. Nd4 Be4 40. Re3 Bg6 41. Ke2 Bb4 42. h3 Kf8 43.
f4 Rd7 44. Nf3 Bc2 45. c5 Ke8 46. g4 Bd1+ 47. Kf2 Rc7 48. Nd4 Rd7 49. Nb5 Rd2+
50. Kf1 Kd7 51. Nd6 Rd4 52. Nxf7 Bd2 53. Rd3 Rxd3 54. Ne5+ Kc7 55. Nxd3 Be3 56.
Nc3 Bxb3 57. Ke2 Bg1 58. Kd2 a4 59. g5 Kc6 60. h4 Bxc5 61. Nxc5 Kxc5 {A
game-deciding distant, advanced majority on the kingside. The Black bishop is
hindered by the pawn on e6, which leads to connected passed pawns for White.
The course of the ending is clear and simple. partieentscheidende weit
entfernte und vorgerückte Mehrheit am Königsflügel. Der schwarze Läufer ist
durch den Be6 behindert, was zu verbundenen Freibauern für weiß führt. Klarer
und einfacher Endspielverlauf.} 62. h5 e5 (62... a3 63. g6 hxg6 64. h6 $18) 63.
f5 Kd6 64. h6 Ke7 65. g6 Bg8 66. Nd5+ Kf8 67. Nf6 a3 68. Kc3 a2 69. Kb2 hxg6
70. fxg6 (70. fxg6 Bf7 71. g7+ Ke7 72. h7 $18) 1-0